00560 2200217 4500001002100000005001500021035002000036007000300056008004100059020001800100082001200118084001800130100001900148245005700167250001500224260003600239300002400275650002100299990001000320990001200330INLIS00000000000606520200908081924 a0010-0920000007ta200908 g | ind  a9789797567354 a615.882 a615.882 WAS o0 aWASITO, hendri1 aObat Tradisional Kekayaan Indonesia /cHendri Wasito aEd.1 Jil.1 aYogyakarta :bGraha Ilmu,c2011 ax, 104 hlm ;c23 cm 4aObat Tradisional a15579 a15579 A